Countries of Asia by Flags Quiz - Statistics

General Stats
  • This quiz has been taken 3,193 times
  • The average score is 36 of 47
Answer Stats
Picture Answer % Correct
Japan
100%
South Korea
99%
China
96%
Bangladesh
91%
Vietnam
91%
Turkey
90%
India
89%
Georgia
88%
Israel
88%
Nepal
88%
Pakistan
87%
Lebanon
85%
Saudi Arabia
85%
Bhutan
82%
Malaysia
81%
North Korea
80%
Indonesia
79%
Iraq
79%
Qatar
79%
Iran
78%
Sri Lanka
78%
Philippines
76%
Thailand
76%
Cambodia
75%
Singapore
74%
Kazakhstan
73%
Myanmar
73%
Syria
73%
United Arab Emirates
71%
Jordan
70%
Taiwan
70%
Yemen
70%
Azerbaijan
69%
Uzbekistan
69%
Laos
68%
Turkmenistan
68%
Afghanistan
67%
Mongolia
67%
Bahrain
66%
Kuwait
66%
Maldives
65%
Armenia
64%
Brunei
64%
Oman
64%
Kyrgyzstan
62%
East Timor
58%
Tajikistan
58%
No matching quizzes found
Score Distribution
Percent of People with Each Score
Percentile by Number Answered
Your Score History
You have not taken this quiz